[Event "Gonzaga Masters 2016"]
[Site "Dublin IRL"]
[Date "2016.01.22"]
[Round "1"]
[White "Redmond, Joshua"]
[Black "Cichonski, Bartlomiej"]
[Result "0-1"]
[WhiteElo "1742"]
[BlackElo "2008"]
[WhiteICU "1660"]
[BlackICU "1947"]
[WhiteClub "Elm Mount"]
[BlackClub "Balbriggan"]
[WhiteNationality "IRL"]
[BlackNationality "IRL"]
[WhiteFideId "66800315"]
[BlackFideId "2503620"]
[PlyCount "84"]
[EventDate "2016.01.22"]
[Source "Herbert Scarry, via Dylan Boland"]

{ Reference: <a
href="http://www.irlchess.com/gonzaga2016_allfiles/pairings_gonzaga2016.html">Tournament
report</a>. } { Event information: <a
href="http://ratings.icu.ie/tournaments/781">Pairings &amp; results</a>,
ICU ratings web site. }

1. Nf3 f5 2. d3 g6 3. g3 Nf6 4. Bg2 Bg7 5. O-O O-O 6. Re1 d6 7. e4 e5 8.
Nbd2 Nc6 9. c3 f4 10. Nf1 Nh5 11. d4 Qe8 12. d5 Ne7 13. c4 h6 14. h4 Bg4
15. Qd3 Qf7 16. Bd2 fxg3 17. fxg3 Bxf3 18. Bxf3 Qxf3 19. Qxf3 Rxf3 20. g4
Nf4 21. Re3 Rxe3 22. Bxe3 Bf6 23. h5 gxh5 24. gxh5 Bg5 25. Ng3 Kh7 26. Rf1
Rf8 27. Kh2 c6 28. Ne2 cxd5 29. cxd5 a6 30. Nxf4 Bxf4+ 31. Bxf4 Rxf4 32.
Rxf4 exf4 33. Kg2 Kg7 34. Kf3 Kf6 35. Kxf4 Nc8 36. b3 b5 37. a3 a5 38. Kg4
Ke5 39. Kf3 Ne7 40. Ke3 a4 41. bxa4 bxa4 42. Kf3 Ng8 0-1

[Event "Gonzaga Masters 2016"]
[Site "Dublin IRL"]
[Date "2016.01.22"]
[Round "1"]
[White "Boland, Dylan"]
[Black "O'Donnell, Conor"]
[Result "0-1"]
[BlackTitle "FM"]
[WhiteElo "1855"]
[BlackElo "2302"]
[WhiteICU "1758"]
[BlackICU "2277"]
[WhiteClub "St. Benildus"]
[BlackClub "Gonzaga"]
[WhiteNationality "IRL"]
[BlackNationality "IRL"]
[WhiteFideId "2507560"]
[BlackFideId "2504243"]
[PlyCount "53"]
[EventDate "2016.01.22"]
[Source "Herbert Scarry, via Dylan Boland"]

{ Reference: <a
href="http://www.irlchess.com/gonzaga2016_allfiles/pairings_gonzaga2016.html">Tournament
report</a>. } { Event information: <a
href="http://ratings.icu.ie/tournaments/781">Pairings &amp; results</a>,
ICU ratings web site. }

1. d4 Nf6 2. Nf3 c5 3. c4 e6 4. e3 cxd4 5. Nxd4 b6 6. Nc3 Bb7 7. b3 Bb4 8.
Bb2 O-O 9. f3 d5 10. Qc2 e5 11. Nf5 d4 12. O-O-O dxc3 13. Rxd8 cxb2+ 14.
Kxb2 Rxd8 15. Bd3 Na6 16. Rd1 Rd7 17. a3 Rad8 18. axb4 Nxb4 19. Qc3 Nxd3+
20. Ka3 g6 21. Ne7+ Kf8 22. Rxd3 Rxd3 23. Qb4 Kg7 24. e4 Nd7 25. Nd5 Bxd5
26. exd5 Nc5 27. h4 0-1

[Event "Gonzaga Masters 2016"]
[Site "Dublin IRL"]
[Date "2016.01.22"]
[Round "1"]
[White "O'Gorman, Tom"]
[Black "Copeland, Dean"]
[Result "0-1"]
[WhiteElo "2010"]
[BlackElo "1801"]
[WhiteICU "2135"]
[BlackICU "1603"]
[WhiteClub "Dun Laoghaire"]
[BlackClub "Enniscorthy"]
[WhiteNationality "IRL"]
[BlackNationality "IRL"]
[WhiteFideId "2508249"]
[BlackFideId "368178551"]
[PlyCount "74"]
[EventDate "2016.01.22"]
[Source "Herbert Scarry, via Dylan Boland"]

{ Reference: <a
href="http://www.irlchess.com/gonzaga2016_allfiles/pairings_gonzaga2016.html">Tournament
report</a>. } { Event information: <a
href="http://ratings.icu.ie/tournaments/781">Pairings &amp; results</a>,
ICU ratings web site. }

1. e4 c5 2. Nf3 d6 3. d4 cxd4 4. Nxd4 Nf6 5. Nc3 a6 6. Bg5 e6 7. f4 Qb6 8.
Qd2 Qxb2 9. Rb1 Qa3 10. f5 Nc6 11. Bxf6 gxf6 12. Bc4 Nxd4 13. Qxd4 Be7 14.
Ne2 Rg8 15. fxe6 fxe6 16. Kf1 b5 17. Bb3 Qc5 18. Qd3 Kf7 19. Nd4 Bd7 20.
Rd1 Qe5 21. Qf3 Rac8 22. Nf5 Rg6 23. Nd4 Kg7 24. Rd3 a5 25. Qh3 Qxe4 26.
Bxe6 Bxe6 27. Nxe6+ Kg8 28. Nd4 Qf4+ 29. Nf3 Qc1+ 30. Ne1 Rxc2 31. Qe6+ Kf8
32. Re3 Rc7 33. Re4 f5 34. Qxf5+ Rf6 35. Qxf6+ Bxf6 36. Kf2 Rf7 37. Nf3
Qxh1 0-1

[Event "Gonzaga Masters 2016"]
[Site "Dublin IRL"]
[Date "2016.01.22"]
[Round "1"]
[White "Nikrow, Shahram"]
[Black "Murray, David"]
[Result "0-1"]
[WhiteElo "1835"]
[BlackElo "2160"]
[WhiteICU "1723"]
[BlackICU "2113"]
[WhiteClub "Dublin"]
[BlackClub "Gonzaga"]
[WhiteNationality "IRL"]
[BlackNationality "IRL"]
[WhiteFideId "2506424"]
[BlackFideId "2501511"]
[PlyCount "116"]
[EventDate "2016.01.22"]
[Source "Herbert Scarry, via Dylan Boland"]

{ Reference: <a
href="http://www.irlchess.com/gonzaga2016_allfiles/pairings_gonzaga2016.html">Tournament
report</a>. } { Event information: <a
href="http://ratings.icu.ie/tournaments/781">Pairings &amp; results</a>,
ICU ratings web site. }

1. e4 c5 2. Nf3 d6 3. Bb5+ Nc6 4. Bxc6+ bxc6 5. O-O Bg4 6. d4 cxd4 7. Qxd4
Bxf3 8. gxf3 Nf6 9. Nc3 e5 10. Qc4 Qd7 11. Kh1 Be7 12. Rg1 O-O 13. Qf1 Kh8
14. Bg5 Nh5 15. Bxe7 Qxe7 16. Qg2 g6 17. Qg5 Qe6 18. Ne2 f5 19. Rg2 Qc4 20.
Qd2 fxe4 21. b3 Qc5 22. fxe4 Rad8 23. Kg1 Rf3 24. c4 Rdf8 25. Rf1 Nf6 26.
Nc3 Qd4 27. Qxd4 exd4 28. Ne2 c5 29. Rg3 Nxe4 30. Rxf3 Rxf3 31. Ng3 Nxg3
32. hxg3 Rc3 33. Kg2 Rc2 34. Kf3 Rxa2 35. Ke4 Kg7 36. Kd5 Ra6 37. Ke6 h5
38. f4 Rb6 39. Rf3 a5 40. Kd7 Kf6 41. Kc7 Rb4 42. Kxd6 Kf5 43. Kd5 a4 44.
bxa4 Rxa4 45. Kxc5 Ke4 46. Rf1 d3 47. Kb5 Ra8 48. c5 Ke3 49. c6 Ke2 50. Rh1
d2 51. Rh2+ Kd3 52. Rh1 Kc2 53. c7 d1=Q 54. Rxd1 Kxd1 55. Kc6 Ke2 56. Kb7
Rf8 57. c8=Q Rxc8 58. Kxc8 Kf3 0-1

[Event "Gonzaga Masters 2016"]
[Site "Dublin IRL"]
[Date "2016.01.22"]
[Round "1"]
[White "Goss, Alex"]
[Black "Tirziman, Rudolf"]
[Result "1/2-1/2"]
[WhiteElo "1715"]
[BlackElo "2001"]
[WhiteICU "1477"]
[BlackICU "1900"]
[WhiteClub "Elm Mount"]
[BlackClub "Blanchardstown"]
[WhiteNationality "IRL"]
[BlackNationality "IRL"]
[WhiteFideId "2509407"]
[BlackFideId "2508664"]
[PlyCount "93"]
[EventDate "2016.01.22"]
[Source "Herbert Scarry, via Dylan Boland"]

{ Reference: <a
href="http://www.irlchess.com/gonzaga2016_allfiles/pairings_gonzaga2016.html">Tournament
report</a>. } { Event information: <a
href="http://ratings.icu.ie/tournaments/781">Pairings &amp; results</a>,
ICU ratings web site. }

1. e4 e6 2. d4 d5 3. exd5 exd5 4. Bd3 c5 5. Qe2+ Be7 6. dxc5 Nf6 7. Nf3 O-O
8. O-O Bxc5 9. Bg5 Be6 10. c3 Nbd7 11. Qc2 h6 12. Bh4 Rc8 13. Nbd2 g5 14.
Bg3 Nh5 15. Nb3 Nxg3 16. hxg3 Bb6 17. Nfd4 Nc5 18. Nxc5 Bxc5 19. Nxe6 fxe6
20. Qe2 Qf6 21. Rae1 Rce8 22. c4 Bd4 23. b3 Kg7 24. Rc1 Re7 25. Rce1 Bc3
26. Rc1 Bd4 27. Rce1 Bc5 28. Qe5 Qxe5 29. Rxe5 Bd4 30. Re2 dxc4 31. Bxc4 e5
32. Rd1 Rc7 33. a4 a5 34. Rd3 Rfc8 35. Rc2 b6 36. Kf1 Rf8 37. Kg1 Rf6 38.
Rf3 Rc5 39. Rxf6 Kxf6 40. g4 Rc7 41. g3 Ke7 42. Kg2 Kd6 43. f3 Rc8 44. Rd2
Rf8 45. Rc2 Rc8 46. Rd2 Rf8 47. Rc2 1/2-1/2

[Event "Gonzaga Masters 2016"]
[Site "Dublin IRL"]
[Date "2016.01.22"]
[Round "1"]
[White "Higgins, Michael"]
[Black "Boyle, Bernard"]
[Result "0-1"]
[WhiteElo "1629"]
[BlackElo "1889"]
[WhiteICU "1771"]
[BlackICU "1800"]
[WhiteClub "Rathmines Jrs"]
[BlackClub "Elm Mount"]
[WhiteNationality "IRL"]
[BlackNationality "IRL"]
[WhiteFideId "2507153"]
[BlackFideId "2501830"]
[PlyCount "100"]
[EventDate "2016.01.22"]
[Source "Herbert Scarry, via Dylan Boland"]

{ Reference: <a
href="http://www.irlchess.com/gonzaga2016_allfiles/pairings_gonzaga2016.html">Tournament
report</a>. } { Event information: <a
href="http://ratings.icu.ie/tournaments/781">Pairings &amp; results</a>,
ICU ratings web site. }

1. c4 b6 2. g3 Bb7 3. Nf3 e6 4. Bg2 f5 5. Nc3 Nf6 6. d4 Bb4 7. O-O O-O 8.
Qb3 a5 9. a3 Bxc3 10. bxc3 a4 11. Qc2 Be4 12. Qb2 d6 13. Nd2 Bxg2 14. Kxg2
Nbd7 15. Qc2 Ra5 16. Kg1 Qe8 17. e4 f4 18. Nf3 Qh5 19. Qd3 fxg3 20. fxg3
Qg6 21. Re1 Rh5 22. Ra2 Ng4 23. Rg2 Ra5 24. Nh4 Qf7 25. Rf1 Qxf1+ 26. Qxf1
Rxf1+ 27. Kxf1 Ngf6 28. Re2 e5 29. Kf2 b5 30. cxb5 Rxb5 31. Kf3 Rb3 32. Re3
Rb1 33. Re1 g5 34. Nf5 g4+ 35. Ke3 Rb3 36. Kd3 exd4 37. Kxd4 Ne5 38. Re2
c5+ 39. Ke3 Rxc3+ 40. Kd2 Rd3+ 41. Kc2 c4 42. Bb2 Ne8 43. Rd2 Rxd2+ 44.
Kxd2 Nd3 45. Bc3 h5 46. Ne3 Nf2 47. e5 Ne4+ 48. Kc2 Nxc3 49. Kxc3 dxe5 50.
Nxc4 Kf7 0-1

[Event "Gonzaga Masters 2016"]
[Site "Dublin IRL"]
[Date "2016.01.22"]
[Round "1"]
[White "Melaugh, Shane"]
[Black "Reynolds, Pat"]
[Result "1/2-1/2"]
[WhiteElo "1684"]
[BlackElo "1932"]
[WhiteICU "1684"]
[BlackICU "1797"]
[WhiteClub "Elm Mount"]
[BlackClub "Bray/Greystones"]
[WhiteNationality "IRL"]
[BlackNationality "IRL"]
[WhiteFideId "2509580"]
[BlackFideId "2501392"]
[PlyCount "100"]
[EventDate "2016.01.22"]
[Source "Herbert Scarry, via Dylan Boland"]

{ Reference: <a
href="http://www.irlchess.com/gonzaga2016_allfiles/pairings_gonzaga2016.html">Tournament
report</a>. } { Event information: <a
href="http://ratings.icu.ie/tournaments/781">Pairings &amp; results</a>,
ICU ratings web site. }

1. c4 e5 2. Nc3 Nc6 3. g3 f5 4. Bg2 Nf6 5. d3 Bb4 6. Bd2 O-O 7. a3 Be7 8.
f4 d6 9. e4 a5 10. Nf3 h6 11. O-O Be6 12. Nh4 fxe4 13. Ng6 Bg4 14. Qa4 Rf7
15. dxe4 Bh5 16. Nh4 Nd4 17. h3 Rf8 18. Nf3 c6 19. g4 Bf7 20. Nxd4 exd4 21.
Ne2 Qb6 22. Ng3 Nd7 23. Nf5 Rfe8 24. b4 Bxc4 25. bxa5 Qa6 26. Rfc1 b5 27.
Qd1 Qa7 28. e5 d5 29. Nxe7+ Rxe7 30. a4 Rc8 31. axb5 Bxb5 32. Bxd5+ Kh8 33.
Qf3 c5 34. Bc4 Bc6 35. Qg3 Rce8 36. Qh4 Qa8 37. Kh2 Bd5 38. a6 Nb6 39. Bb5
Bc6 40. Rxc5 Bxb5 41. Rxb5 Nc4 42. Qf2 Qc6 43. Rb4 Nxd2 44. Qxd2 g5 45.
Rxd4 gxf4 46. Rd6 Qf3 47. Qg2 Qc3 48. Rad1 f3 49. Qd2 Qxe5+ 50. Kh1 Re6
1/2-1/2

[Event "Gonzaga Masters 2016"]
[Site "Dublin IRL"]
[Date "2016.01.22"]
[Round "1"]
[White "Cafolla, Peter"]
[Black "Scallan, Fiachra"]
[Result "1/2-1/2"]
[WhiteElo "2045"]
[BlackElo "1747"]
[WhiteICU "1975"]
[BlackICU "1767"]
[BlackClub "Rathmines Jrs"]
[WhiteNationality "IRL"]
[BlackNationality "IRL"]
[WhiteFideId "2500884"]
[BlackFideId "2507528"]
[PlyCount "97"]
[EventDate "2016.01.22"]
[Source "Herbert Scarry, via Dylan Boland"]

{ Reference: <a
href="http://www.irlchess.com/gonzaga2016_allfiles/pairings_gonzaga2016.html">Tournament
report</a>. } { Event information: <a
href="http://ratings.icu.ie/tournaments/781">Pairings &amp; results</a>,
ICU ratings web site. }

1. d4 d5 2. c4 e6 3. Nc3 Nf6 4. Bg5 Be7 5. e3 h6 6. Bxf6 Bxf6 7. cxd5 exd5
8. Qc2 O-O 9. Nf3 Nc6 10. a3 Re8 11. Be2 g6 12. O-O Ne7 13. b4 Bf5 14. Qb3
Qd7 15. Rac1 c6 16. a4 Nc8 17. b5 Nd6 18. Rfd1 Rab8 19. Qb4 Rec8 20. Nd2
Be7 21. Qb2 Kh7 22. Nb3 Qd8 23. Nd2 Qa5 24. Nf3 Bf6 25. Qd2 Qd8 26. a5 Bg7
27. Qa2 Nxb5 28. Bxb5 cxb5 29. Nxb5 Rxc1 30. Rxc1 Rc8 31. Rxc8 Qxc8 32. Qb2
Qd8 33. Qc3 a6 34. Na3 Qc8 35. Qb2 Bf8 36. h3 Qc7 37. Nb1 Qxa5 38. Qxb7 Qa1
39. Qxf7+ Bg7 40. Qxd5 Qxb1+ 41. Kh2 Qb5 42. Qf7 a5 43. Ne5 a4 44. g4 Be4
45. f3 Qb2+ 46. Kg3 Bb1 47. Nd7 Kh8 48. Qe8+ Kh7 49. Qf7 1/2-1/2

[Event "Gonzaga Masters 2016"]
[Site "Dublin IRL"]
[Date "2016.01.22"]
[Round "1"]
[White "Moran, Stephen"]
[Black "Scott, Luke"]
[Result "1-0"]
[WhiteElo "2128"]
[BlackElo "1829"]
[WhiteICU "2123"]
[BlackICU "1727"]
[WhiteClub "T.C.D."]
[BlackClub "Blanchardstown"]
[WhiteNationality "IRL"]
[BlackNationality "IRL"]
[WhiteFideId "2501872"]
[BlackFideId "2507986"]
[PlyCount "51"]
[EventDate "2016.01.22"]
[Source "Herbert Scarry, via Dylan Boland"]

{ Reference: <a
href="http://www.irlchess.com/gonzaga2016_allfiles/pairings_gonzaga2016.html">Tournament
report</a>. } { Event information: <a
href="http://ratings.icu.ie/tournaments/781">Pairings &amp; results</a>,
ICU ratings web site. }

1. d4 Nf6 2. c4 c5 3. d5 b5 4. cxb5 a6 5. f3 d6 6. e4 g6 7. Na3 Bg7 8. Ne2
e6 9. Nc3 Bb7 10. Bc4 exd5 11. Nxd5 O-O 12. Bg5 Nbd7 13. O-O h6 14. Nxf6+
Nxf6 15. Be3 Qe7 16. Qd2 g5 17. Rad1 Rfd8 18. bxa6 Bc6 19. Qc1 Ne8 20. Rd3
Nc7 21. Rfd1 Rab8 22. b3 Be5 23. Qd2 Rd7 24. Nc2 Ne6 25. Bxe6 fxe6 26. Bxc5
1-0

[Event "Gonzaga Masters 2016"]
[Site "Dublin IRL"]
[Date "2016.01.22"]
[Round "1"]
[White "Higgins, Paul"]
[Black "O'Neill, Paul"]
[Result "1/2-1/2"]
[WhiteElo "1766"]
[BlackElo "1833"]
[WhiteICU "1653"]
[BlackICU "1679"]
[WhiteClub "Rathmines"]
[BlackClub "Naomh Barrog"]
[WhiteNationality "IRL"]
[BlackNationality "IRL"]
[WhiteFideId "2506351"]
[BlackFideId "2507692"]
[PlyCount "51"]
[EventDate "2016.01.22"]
[Source "Herbert Scarry, via Dylan Boland"]

{ Reference: <a
href="http://www.irlchess.com/gonzaga2016_allfiles/pairings_gonzaga2016.html">Tournament
report</a>. } { Event information: <a
href="http://ratings.icu.ie/tournaments/781">Pairings &amp; results</a>,
ICU ratings web site. }

1. c4 c5 2. g3 Nf6 3. Bg2 e6 4. Nf3 Nc6 5. O-O Be7 6. b3 O-O 7. Bb2 b6 8.
d4 cxd4 9. Nxd4 Bb7 10. Nc3 a6 11. Na4 Qc7 12. Rc1 d6 13. Re1 Rfd8 14. e4
Rd7 15. Nc3 Qd8 16. Nxc6 Bxc6 17. Qe2 Rc8 18. Rcd1 Bf8 19. Bc1 Qc7 20. Bg5
Be7 21. Bf4 Rcd8 22. Rd3 Qb7 23. Red1 b5 24. Re3 Ne8 25. g4 Bf8 26. Bg5
1/2-1/2

[Event "Gonzaga Masters 2016"]
[Site "Dublin IRL"]
[Date "2016.01.22"]
[Round "1"]
[White "Marzec, Karol"]
[Black "Beatty, Ross"]
[Result "1-0"]
[WhiteElo "2005"]
[BlackElo "1737"]
[WhiteICU "1926"]
[BlackICU "1752"]
[WhiteClub "Elm Mount"]
[BlackClub "St. Benildus"]
[WhiteNationality "POL"]
[BlackNationality "IRL"]
[WhiteFideId "1128787"]
[BlackFideId "2507552"]
[PlyCount "103"]
[EventDate "2016.01.22"]
[Source "Herbert Scarry, via Dylan Boland"]

{ Reference: <a
href="http://www.irlchess.com/gonzaga2016_allfiles/pairings_gonzaga2016.html">Tournament
report</a>. } { Event information: <a
href="http://ratings.icu.ie/tournaments/781">Pairings &amp; results</a>,
ICU ratings web site. }

1. e4 e6 2. d4 d5 3. Nc3 dxe4 4. Nxe4 Nd7 5. Nf3 Ngf6 6. Bd3 b6 7. O-O Bb7
8. Qe2 Be7 9. Ne5 c5 10. Ng5 Nxe5 11. dxe5 Qd5 12. f3 Nd7 13. Re1 Qd4+ 14.
Kh1 Rd8 15. Nh3 Bh4 16. c3 Qxe5 17. Qxe5 Nxe5 18. Bb5+ Nc6 19. g3 Be7 20.
Kg1 a6 21. Ba4 b5 22. Bc2 O-O 23. Ng5 h6 24. Ne4 Ne5 25. Kf2 Nd3+ 26. Bxd3
Rxd3 27. Be3 Rfd8 28. Bxc5 Bxe4 29. Bxe7 Rxf3+ 30. Kg1 Rd7 31. Rxe4 Rxe7
32. Rd1 Rf5 33. Rd6 Ra7 34. a4 Kf8 35. a5 Ke7 36. Red4 e5 37. R4d5 e4 38.
Rxa6 Rxd5 39. Rxa7+ Rd7 40. Rxd7+ Kxd7 41. g4 g6 42. h4 f5 43. h5 gxh5 44.
gxf5 e3 45. a6 Kc7 46. f6 h4 47. f7 e2 48. Kf2 h3 49. f8=Q h2 50. Qc5+ Kd7
51. Qxb5+ Kd8 52. Qb6+ 1-0

[Event "Gonzaga Masters 2016"]
[Site "Dublin IRL"]
[Date "2016.01.22"]
[Round "1"]
[White "McMorrow, John"]
[Black "Hughes, Padraig"]
[Result "1-0"]
[WhiteElo "1983"]
[BlackElo "1700"]
[WhiteICU "1851"]
[BlackICU "1801"]
[WhiteClub "Gonzaga"]
[BlackClub "Curragh"]
[WhiteNationality "IRL"]
[BlackNationality "IRL"]
[WhiteFideId "2501481"]
[BlackFideId "2505690"]
[PlyCount "59"]
[EventDate "2016.01.22"]
[Source "Herbert Scarry, via Dylan Boland"]
[BlackFullName "Hughes, P&aacute;draig"]

{ Reference: <a
href="http://www.irlchess.com/gonzaga2016_allfiles/pairings_gonzaga2016.html">Tournament
report</a>. } { Event information: <a
href="http://ratings.icu.ie/tournaments/781">Pairings &amp; results</a>,
ICU ratings web site. }

1. e4 e5 2. Nf3 Nc6 3. Bc4 Nf6 4. d3 Be7 5. O-O O-O 6. c3 Na5 7. Nxe5 d6 8.
b4 dxe5 9. bxa5 a6 10. Qb3 c5 11. Qa3 Bd6 12. Be3 Qe7 13. f3 Bd7 14. Nd2
Rfc8 15. Rab1 Rab8 16. Rb6 Rc6 17. Rfb1 Be8 18. Nb3 Rcc8 19. Nd2 Qc7 20.
Nf1 g6 21. Bg5 Kg7 22. Ne3 Ng8 23. Nd5 Qd7 24. R6b3 Qc6 25. Nb6 h6 26. Nxc8
Qxc8 27. Be3 Qc7 28. Rb6 Bf8 29. Qb3 Bc6 30. Bxa6 1-0

[Event "Gonzaga Masters 2016"]
[Site "Dublin IRL"]
[Date "2016.01.22"]
[Round "1"]
[White "Li, Henry"]
[Black "Pocevicius, Dovydas"]
[Result "1-0"]
[WhiteElo "1882"]
[BlackElo "1587"]
[WhiteICU "1995"]
[BlackICU "1664"]
[WhiteClub "Gonzaga"]
[BlackClub "Enniscorthy"]
[WhiteNationality "IRL"]
[BlackNationality "IRL"]
[WhiteFideId "2508524"]
[BlackFideId "2508427"]
[PlyCount "77"]
[EventDate "2016.01.22"]
[Source "Herbert Scarry, via Dylan Boland"]

{ Reference: <a
href="http://www.irlchess.com/gonzaga2016_allfiles/pairings_gonzaga2016.html">Tournament
report</a>. } { Event information: <a
href="http://ratings.icu.ie/tournaments/781">Pairings &amp; results</a>,
ICU ratings web site. }

1. e4 Nc6 2. Nf3 f5 3. exf5 d5 4. Bb5 Bxf5 5. Nd4 Bd7 6. Nxc6 bxc6 7. Ba4
Nf6 8. d4 g6 9. O-O Bg7 10. c3 Rb8 11. Nd2 O-O 12. Nb3 e5 13. dxe5 Ng4 14.
f4 Qh4 15. h3 Nxe5 16. fxe5 Rxf1+ 17. Qxf1 Rf8 18. Qe2 Bxh3 19. Bxc6 Qg3
20. Bxd5+ Kh8 21. Qe3 Qg4 22. Bd2 Qd7 23. c4 c6 24. Qxh3 Qxh3 25. gxh3 cxd5
26. cxd5 Bxe5 27. Bc3 Bxc3 28. bxc3 Rf3 29. d6 Rxc3 30. Rd1 Rc8 31. d7 Rd8
32. Nc5 Kg7 33. Ne6+ Kf6 34. Nxd8 a5 35. Nc6 a4 36. d8=Q+ Kg7 37. Rf1 g5
38. Qxg5+ Kh8 39. Rf8# 1-0

[Event "Gonzaga Masters 2016"]
[Site "Dublin IRL"]
[Date "2016.01.22"]
[Round "1"]
[White "Mulligan, Scott"]
[Black "Plaza Reino, Agustin"]
[Result "1-0"]
[WhiteElo "1919"]
[BlackElo "1638"]
[WhiteICU "1889"]
[BlackICU "1771"]
[WhiteClub "Rathmines Jrs"]
[BlackClub "Enniscorthy"]
[WhiteNationality "IRL"]
[BlackNationality "IRL"]
[WhiteFideId "2507498"]
[BlackFideId "32083483"]
[PlyCount "77"]
[EventDate "2016.01.22"]
[Source "Herbert Scarry, via Dylan Boland"]

{ Reference: <a
href="http://www.irlchess.com/gonzaga2016_allfiles/pairings_gonzaga2016.html">Tournament
report</a>. } { Event information: <a
href="http://ratings.icu.ie/tournaments/781">Pairings &amp; results</a>,
ICU ratings web site. }

1. e4 c5 2. Nf3 Nc6 3. Nc3 a6 4. d4 cxd4 5. Nxd4 e5 6. Nf5 d6 7. Bc4 Nf6 8.
Bg5 h6 9. Bxf6 Qxf6 10. Nd5 Qd8 11. Qd2 b5 12. Bb3 Bxf5 13. exf5 Be7 14.
O-O O-O 15. Rad1 Nd4 16. Qd3 Rc8 17. c3 Nxb3 18. axb3 Rc6 19. Qe4 Rc5 20.
Ra1 a5 21. Nxe7+ Qxe7 22. Rxa5 Rb8 23. Rfa1 Qg5 24. Qd3 Qd8 25. b4 Rc4 26.
Rxb5 Rxb5 27. Qxc4 Qd7 28. Ra8+ Kh7 29. Qc8 Qxc8 30. Rxc8 Rd5 31. Kf1 Rd2
32. Rc6 g6 33. fxg6+ Kxg6 34. b5 Rxb2 35. Rxd6+ Kf5 36. b6 f6 37. c4 e4 38.
Rd5+ Ke6 39. Rb5 1-0

[Event "Gonzaga Masters 2016"]
[Site "Dublin IRL"]
[Date "2016.01.22"]
[Round "1"]
[White "Sheehy, Padraig"]
[Black "O'Connell, Gerard"]
[Result "0-1"]
[WhiteElo "1826"]
[BlackElo "2114"]
[WhiteICU "1566"]
[BlackICU "2016"]
[WhiteClub "Gonzaga"]
[BlackClub "St. Benildus"]
[WhiteNationality "IRL"]
[BlackNationality "IRL"]
[WhiteFideId "2507994"]
[BlackFideId "2500493"]
[PlyCount "100"]
[EventDate "2016.01.22"]
[Source "Herbert Scarry, via Dylan Boland"]
[WhiteFullName "Sheehy, P&aacute;draig"]

{ Reference: <a
href="http://www.irlchess.com/gonzaga2016_allfiles/pairings_gonzaga2016.html">Tournament
report</a>. } { Event information: <a
href="http://ratings.icu.ie/tournaments/781">Pairings &amp; results</a>,
ICU ratings web site. }

1. e4 c5 2. Nf3 d6 3. d4 cxd4 4. Nxd4 Nf6 5. Nc3 g6 6. Be2 Bg7 7. Be3 Nc6
8. Qd2 Bd7 9. f3 a6 10. g4 b5 11. h4 O-O 12. h5 Re8 13. hxg6 fxg6 14. Nxc6
Bxc6 15. Bh6 Bh8 16. O-O-O Qa5 17. Kb1 Rac8 18. f4 Qb4 19. a3 Qc5 20. Rhe1
Nxe4 21. Nxe4 Bxe4 22. Bd3 Qd4 23. c3 Qxd3+ 24. Qxd3 Bxd3+ 25. Rxd3 Bf6 26.
Rd5 Kf7 27. Kc2 Rc4 28. g5 Bh8 29. f5 Rh4 30. fxg6+ hxg6 31. Rd2 Be5 32.
Rf2+ Rf4 33. Ree2 Rxf2 34. Rxf2+ Ke6 35. Kd3 Rc8 36. Rd2 Kf5 37. Rf2+ Bf4
38. Bg7 e5 39. Bf6 d5 40. Ke2 Rc7 41. Rf1 Rh7 42. Rd1 Ke6 43. Rf1 Rh2+ 44.
Rf2 Rxf2+ 45. Kxf2 Bc1 46. b3 Bxa3 47. Ke2 Bc1 48. Kd1 Bf4 49. Ke2 a5 50.
Bd8 a4 0-1